00824nam a2200217 a 450000100100000000500170001000800410002702000150006804000250008308200180010810000320012624501570015826000410031530000280035649000290038450000340041365000490044765000390049670000420053583000290057700002373520251020130153.0110112s2000 sp a 000 | spa d a8441510725 aDO-SdBNPbspacBNPHU a005.43bS939m1 aSuárez, Joaquín María10aManual imprescindible de Microsoft Windows Millenium Edition /cJoaquín María Suárez ; coordinación editorial de José María Delgado Cabrera. aMadrid :bAnaya Multimedia,c[2000]. a416 p. :ail. ;c23 cm.1 aManuales imprescindibles aIncluye índice alfabético 4aMicrosoft windows (programa para computador) 0aSistemas operativos (Computadoras)1 aDelgado Cabrera, José María,eed. 0aManuales imprescindibles